Valorant - Postacie - Statystyki

Ogólne statystyki
  • Ten quiz został rozwiązany 695 razy
  • Średni wynik to 8 z 10
Statystyki odpowiedzi
Postać % Poprawnych
Jett
93%
Sage
90%
Brimstone
87%
Phoenix
86%
Raze
83%
Omen
81%
Sova
81%
Breach
77%
Cypher
76%
Viper
76%
Nie znaleziono quizów pasujących do podanych kryteriów
Rozkład punktacji
Procent ludzi z każdym wynikiem
Percentyl według liczby udzielonych odpowiedzi
Twoja historia wyników
Nie rozwiązałeś tego quizu